[Event "Baden-Baden op"]
[Site "Baden-Baden"]
[Date "2024.02.10"]
[Round "2"]
[White "Foerster, Erik"]
[Black "Bellahcene, Bilel"]
[Result "0-1"]
[WhiteElo "2133"]
[BlackElo "2516"]
[PlyCount "52"]
[EventDate "2024.02.09"]
[EventType "swiss"]
[EventRounds "9"]
[EventCountry "GER"]
[SourceTitle "CBM 218 Extra"]
[Source "ChessBase"]
[SourceDate "2024.03.31"]
[SourceVersion "1"]
[SourceVersionDate "2024.03.31"]
[SourceQuality "1"]

1. d4 Nf6 2. g3 d5 3. Bg2 e6 4. Nf3 b5 5. 0-0 Be7 6. a4 b4 7. a5 Ba6 8. c3 0-0 9. Bd2 bxc3 10. Nxc3 Nbd7 11. Re1 c5 12. dxc5 Nxc5 13. Nd4 Rc8 14. b4 Nce4 15. Nxe4 Nxe4 16. Rc1 Bc4 17. b5 Bc5 18. Bxe4 Bxd4 19. Bd3 Qf6 20. Be3 Bxe3 21. fxe3 Rb8 22. Bxc4 dxc4 23. Qd7 Qg5 24. Qxa7 Qxb5 25. Rc3 Rfd8 26. Rec1 Rb7 0-1

[Event "Oberliga Sued W 2324"]
[Site "Germany"]
[Date "2024.01.14"]
[Round "5.5"]
[White "Foerster, Erik"]
[Black "Busche, Stefan"]
[Result "1-0"]
[WhiteElo "2133"]
[BlackElo "2017"]
[PlyCount "91"]
[EventDate "2023.09.17"]
[EventType "team-tourn"]
[EventRounds "9"]
[EventCountry "GER"]
[SourceTitle "EXT 2025"]
[Source "ChessBase"]
[SourceDate "2024.10.14"]
[SourceVersion "1"]
[SourceVersionDate "2024.10.14"]
[SourceQuality "1"]
[WhiteTeam "Heidesheim"]
[BlackTeam "Saarbruecken SVG"]
[WhiteTeamCountry "GER"]
[BlackTeamCountry "GER"]

1. d4 Nf6 2. Nf3 g6 3. g3 Bg7 4. Bg2 0-0 5. 0-0 d5 6. c4 dxc4 7. Na3 c3 8. bxc3 c5 9. Qb3 cxd4 10. cxd4 Nc6 11. Rd1 Nd5 12. Nc4 Nb6 13. Nxb6 Qxb6 14. Be3 Qxb3 15. axb3 Be6 16. d5 Bxd5 17. Nd4 Bxg2 18. Kxg2 Bxd4 19. Bxd4 Rfd8 20. Be3 a6 21. Bb6 Rxd1 22. Rxd1 Kf8 23. Rd7 Ke8 24. Rxb7 Rb8 25. Rxb8+ Nxb8 26. Kf3 Nc6 27. Ke4 e6 28. Kd3 Kd7 29. Kc4 f5 30. Kc5 g5 31. h3 h5 32. b4 g4 33. h4 e5 34. Ba5 Nd4 35. e3 Ne2 36. Kb6 Nxg3 37. fxg3 f4 38. exf4 exf4 39. Kxa6 fxg3 40. Bb6 Kc6 41. b5+ Kd5 42. Bg1 Ke4 43. b6 Kf3 44. b7 Kg2 45. b8Q Kh3 46. Qd8 1-0

[Event "Oberliga Sued W 2324"]
[Site "Germany"]
[Date "2023.12.03"]
[Round "4.3"]
[White "Buermann, Jan"]
[Black "Foerster, Erik"]
[Result "1-0"]
[WhiteElo "2081"]
[BlackElo "2133"]
[PlyCount "101"]
[EventDate "2023.09.17"]
[EventType "team-tourn"]
[EventRounds "9"]
[EventCountry "GER"]
[SourceTitle "EXT 2025"]
[Source "ChessBase"]
[SourceDate "2024.10.14"]
[SourceVersion "1"]
[SourceVersionDate "2024.10.14"]
[SourceQuality "1"]
[WhiteTeam "Schwarzenbach Caissa"]
[BlackTeam "Heidesheim"]
[WhiteTeamCountry "GER"]
[BlackTeamCountry "GER"]

1. d4 d5 2. c4 c6 3. cxd5 cxd5 4. Bf4 Nf6 5. e3 Nc6 6. Nc3 a6 7. Be2 Qb6 8. Nf3 Qxb2 9. Rc1 Bf5 10. 0-0 e6 11. Na4 Qa3 12. Nb6 Rd8 13. Bc7 Be7 14. Qb3 Qxb3 15. axb3 Nb4 16. Ne5 Ne4 17. Bxd8 Bxd8 18. Rc8 Nd6 19. Ra8 f6 20. Ned7 Ke7 21. Nc5 e5 22. Nxb7 Bxb6 23. Rxh8 Nf7 24. Ra8 exd4 25. exd4 Bxd4 26. Rc1 Bc2 27. Bd1 Bxd1 28. Rxd1 Bb6 29. Rc8 Ne5 30. Nc5 Kd6 31. Na4 Ba7 32. Ra8 Nbc6 33. h3 h5 34. Nb2 g5 35. Nd3 g4 36. Nf4 d4 37. Nxh5 gxh3 38. gxh3 Kc5 39. Nxf6 d3 40. Kg2 Kd4 41. f4 Ng6 42. Kf3 Nh4+ 43. Kg4 Ng2 44. Rd2 Ne3+ 45. Kg5 Nf1 46. Rf2 Ng3 47. Rc8 Na5 48. Rf3 Ne4+ 49. Nxe4 Kxe4 50. Kg4 Nxb3 51. Re8+ 1-0

[Event "Deizisau Autumn op 17th"]
[Site "Deizisau"]
[Date "2023.10.27"]
[Round "1"]
[White "Foerster, Erik"]
[Black "Goldinov, Daniel"]
[Result "1-0"]
[WhiteElo "2140"]
[BlackElo "1811"]
[PlyCount "55"]
[EventDate "2023.10.27"]
[EventType "swiss"]
[EventRounds "7"]
[EventCountry "GER"]
[SourceTitle "CBM 216 Extra"]
[Source "ChessBase"]
[SourceDate "2023.11.30"]
[SourceVersion "1"]
[SourceVersionDate "2023.11.30"]
[SourceQuality "1"]

1. c4 e5 2. Nc3 Nf6 3. g3 Bb4 4. Bg2 0-0 5. Nf3 Re8 6. 0-0 e4 7. Ng5 Bxc3 8. dxc3 h6 9. Nh3 d6 10. Nf4 Nc6 11. Nd5 Bf5 12. h3 a5 13. Be3 b6 14. Qd2 a4 15. g4 Bc8 16. g5 hxg5 17. Bxg5 Na5 18. Bxf6 gxf6 19. Qh6 Re6 20. Nf4 f5 21. Nxe6 Bxe6 22. Kh2 Qf8 23. Qf4 Nxc4 24. Bxe4 fxe4 25. Rg1+ Kh7 26. Qxe4+ f5 27. Qxe6 Ne5 28. Rg5 1-0

[Event "BL2-Sued 2223"]
[Site "Germany"]
[Date "2023.02.25"]
[Round "7.5"]
[White "Foerster, Erik"]
[Black "Boguslawski, Oleg"]
[Result "0-1"]
[WhiteElo "2175"]
[BlackElo "2380"]
[PlyCount "80"]
[EventDate "2022.10.22"]
[EventType "team-tourn"]
[EventRounds "9"]
[EventCountry "GER"]
[SourceTitle "EXT 2024"]
[Source "ChessBase"]
[SourceDate "2023.10.10"]
[SourceVersion "1"]
[SourceVersionDate "2023.10.10"]
[SourceQuality "1"]
[WhiteTeam "Heidesheim"]
[BlackTeam "Speyer Schwegenheim"]
[WhiteTeamCountry "GER"]
[BlackTeamCountry "GER"]

1. d4 d5 2. Nf3 Nf6 3. g3 e6 4. Bg2 Be7 5. c4 0-0 6. 0-0 c6 7. Nc3 Nbd7 8. Nd2 b6 9. e4 Bb7 10. e5 Ne8 11. cxd5 cxd5 12. f4 b5 13. Nf3 b4 14. Ne2 Rc8 15. g4 f5 16. gxf5 exf5 17. Ng5 Qb6 18. Qb3 Rc4 19. Qg3 Nc7 20. Rf2 Ne6 21. Nxe6 Qxe6 22. Qb3 Rfc8 23. Be3 Nb6 24. Ng3 a5 25. Bf1 g6 26. Rg2 Kh8 27. Bd3 R4c7 28. Qd1 Nc4 29. Qe2 a4 30. Kh1 a3 31. bxa3 bxa3 32. Rag1 Nxe3 33. Qxe3 Ba6 34. Nxf5 Bxd3 35. Nxe7 Be4 36. Nxc8 Qxc8 37. Qxa3 Rc3 38. Qb4 Rc2 39. Qa3 Kg7 40. Qe3 Qc4 0-1

[Event "Heusenstamm Sparkassen op 8th"]
[Site "Heusenstamm"]
[Date "2022.11.20"]
[Round "6"]
[White "Foerster, Erik"]
[Black "Li, Maxim"]
[Result "1/2-1/2"]
[WhiteElo "2175"]
[BlackElo "1966"]
[PlyCount "50"]
[EventDate "2022.11.17"]
[EventType "swiss"]
[EventRounds "7"]
[EventCountry "GER"]
[SourceTitle "CBM 212 Extra"]
[Source "ChessBase"]
[SourceDate "2023.03.31"]
[SourceVersion "1"]
[SourceVersionDate "2023.03.31"]
[SourceQuality "1"]

1. Nf3 d5 2. d4 c6 3. c4 Nf6 4. g3 Bf5 5. Nc3 e6 6. Nh4 Be4 7. f3 Bg6 8. Nxg6 hxg6 9. Qb3 Qb6 10. Bf4 dxc4 11. Qxc4 Nd5 12. Bd2 Bd6 13. f4 g5 14. e3 Nd7 15. 0-0-0 gxf4 16. gxf4 N7f6 17. Bd3 Ng4 18. Nxd5 exd5 19. Qa4 Nf2 20. Be2 Nxd1 21. Rxd1 Qc7 22. Bf3 Rxh2 23. Rg1 Kf8 24. Qd1 Qe7 25. Rxg7 Qf6 1/2-1/2

[Event "Heusenstamm Sparkassen op 8th"]
[Site "Heusenstamm"]
[Date "2022.11.19"]
[Round "4"]
[White "Foerster, Erik"]
[Black "Stuemer, Paul"]
[Result "1-0"]
[WhiteElo "2175"]
[BlackElo "2009"]
[PlyCount "75"]
[EventDate "2022.11.17"]
[EventType "swiss"]
[EventRounds "7"]
[EventCountry "GER"]
[SourceTitle "CBM 212 Extra"]
[Source "ChessBase"]
[SourceDate "2023.03.31"]
[SourceVersion "1"]
[SourceVersionDate "2023.03.31"]
[SourceQuality "1"]

1. d4 Nf6 2. c4 g6 3. Nc3 Bg7 4. e4 0-0 5. Nf3 d6 6. Be2 e5 7. 0-0 exd4 8. Nxd4 Re8 9. f3 Nc6 10. Be3 Nh5 11. Qd2 f5 12. Rad1 Be5 13. Nxc6 bxc6 14. f4 Bg7 15. Bf3 Nf6 16. e5 Ne4 17. Nxe4 fxe4 18. Bxe4 Bb7 19. Qc2 Qe7 20. Qb3 Reb8 21. c5+ d5 22. Bd3 Bc8 23. Qc2 Bg4 24. Rd2 Bf8 25. a3 a5 26. Bd4 Bh6 27. Rdf2 Rf8 28. h3 Bd7 29. Rf3 Rf7 30. g4 Bg7 31. Qc3 Qh4 32. Bc2 Raf8 33. f5 gxf5 34. gxf5 Kh8 35. Rf4 Qg5+ 36. Rg4 Qh6 37. e6 Bxe6 38. Rxg7 1-0

[Event "Oberliga Sued W 2122"]
[Site "Germany"]
[Date "2021.11.14"]
[Round "2.6"]
[White "Halabi, Ibrahim"]
[Black "Foerster, Erik"]
[Result "0-1"]
[WhiteElo "2019"]
[BlackElo "2077"]
[PlyCount "66"]
[EventDate "2021.10.24"]
[EventType "team-tourn"]
[EventRounds "9"]
[EventCountry "GER"]
[SourceTitle "EXT 2023"]
[Source "ChessBase"]
[SourceDate "2022.10.05"]
[SourceVersion "1"]
[SourceVersionDate "2022.10.05"]
[SourceQuality "1"]
[WhiteTeam "Frankenthal"]
[BlackTeam "Heidesheim"]
[WhiteTeamCountry "GER"]
[BlackTeamCountry "GER"]

1. e4 e6 2. d4 d5 3. e5 c5 4. c3 Nc6 5. Nf3 Bd7 6. Be2 f6 7. 0-0 fxe5 8. dxe5 Qc7 9. Re1 0-0-0 10. Bd3 Be7 11. a4 Rf8 12. Na3 a6 13. Nc2 h5 14. Rb1 g5 15. Nxg5 Nxe5 16. Bf1 Ng4 17. g3 Rxf2 18. Nxe6 Bxe6 19. Rxe6 Rxh2 20. Bf4 Qd7 21. Re2 Rxe2 22. Bxe2 N8f6 23. Ne3 Nxe3 24. Bxe3 Qh3 25. Bf2 h4 26. Bf1 Qf5 27. Bd3 Ne4 28. Qe2 hxg3 29. Bxg3 Rg8 30. Bxe4 Rxg3+ 31. Bg2 Qxb1+ 32. Kh2 Qg6 33. Bxd5 Bd6 0-1

[Event "GER-ch Net blitz sf"]
[Site "Playchess.com INT"]
[Date "2021.06.05"]
[Round "5"]
[White "Braun, Christian1"]
[Black "Foerster, Erik"]
[Result "1-0"]
[WhiteElo "2323"]
[BlackElo "2127"]
[PlyCount "89"]
[EventDate "2021.06.05"]
[EventType "swiss (blitz)"]
[EventRounds "13"]
[EventCountry "GER"]
[SourceTitle "EXT 2023"]
[Source "ChessBase"]
[SourceDate "2022.10.05"]
[SourceVersion "1"]
[SourceVersionDate "2022.10.05"]
[SourceQuality "1"]

1. e4 e6 2. d3 d5 3. Nd2 Nf6 4. Ngf3 c5 5. g3 Be7 6. Bg2 Nc6 7. 0-0 0-0 8. Re1 b5 9. e5 Nd7 10. Nf1 a5 11. h4 b4 12. h5 a4 13. h6 g6 14. a3 bxa3 15. bxa3 Rb8 16. Bf4 Ba6 17. N1h2 c4 18. d4 c3 19. Ng4 Na5 20. Qc1 Nc4 21. Bg5 Nd2 22. Bxe7 Nxf3+ 23. Bxf3 Qxe7 24. Qf4 Rb2 25. Re3 g5 26. Nf6+ Qxf6 27. Qxf6 Nxf6 28. exf6 Rxc2 29. Bd1 Rd2 30. Rxc3 Rxd4 31. Rac1 Rc4 32. Rxc4 Bxc4 33. Bxa4 Ra8 34. Rb1 d4 35. Rb4 Bd5 36. Rxd4 Rc8 37. Kf1 Rd8 38. Ke1 Rd6 39. Bb3 Kf8 40. Rb4 Ke8 41. Bc2 e5 42. Rb8+ Kd7 43. Bxh7 Rxf6 44. Bf5+ Rxf5 45. h7 1-0

[Event "GER-ch Net blitz sf"]
[Site "Playchess.com INT"]
[Date "2021.06.05"]
[Round "11"]
[White "Foerster, Erik"]
[Black "Eilers, Stefan"]
[Result "0-1"]
[WhiteElo "2127"]
[BlackElo "2213"]
[PlyCount "40"]
[EventDate "2021.06.05"]
[EventType "swiss (blitz)"]
[EventRounds "13"]
[EventCountry "GER"]
[SourceTitle "EXT 2023"]
[Source "ChessBase"]
[SourceDate "2022.10.05"]
[SourceVersion "1"]
[SourceVersionDate "2022.10.05"]
[SourceQuality "1"]

1. Nf3 d5 2. g3 e6 3. Bg2 Nf6 4. 0-0 a6 5. d4 b5 6. a4 Bb7 7. axb5 axb5 8. Rxa8 Bxa8 9. b3 Nbd7 10. Nbd2 c5 11. c4 bxc4 12. bxc4 Be7 13. cxd5 Bxd5 14. dxc5 Nxc5 15. Ne5 0-0 16. Ndf3 Nfe4 17. Ba3 Qa8 18. Qa1 Nb3 19. Qb1 Qxa3 20. Nd4 Ned2 0-1

[Event "GER-ch Net blitz sf"]
[Site "Playchess.com INT"]
[Date "2021.06.05"]
[Round "4"]
[White "Foerster, Erik"]
[Black "Fluechter, Gregor"]
[Result "1-0"]
[WhiteElo "2127"]
[BlackElo "2220"]
[PlyCount "71"]
[EventDate "2021.06.05"]
[EventType "swiss (blitz)"]
[EventRounds "13"]
[EventCountry "GER"]
[SourceTitle "EXT 2023"]
[Source "ChessBase"]
[SourceDate "2022.10.05"]
[SourceVersion "1"]
[SourceVersionDate "2022.10.05"]
[SourceQuality "1"]

1. Nf3 Nf6 2. g3 d5 3. Bg2 c5 4. 0-0 Nc6 5. d4 e6 6. c4 Be7 7. dxc5 Bxc5 8. cxd5 Nxd5 9. a3 0-0 10. b4 Qf6 11. Ra2 Bb6 12. e4 Nc3 13. e5 Nxd1 14. exf6 Nxf2 15. Raxf2 gxf6 16. Nbd2 f5 17. Nc4 Bxf2+ 18. Kxf2 Bd7 19. Bb2 Rac8 20. Nd6 Rc7 21. Rd1 Ne7 22. Bf6 Nd5 23. Be5 Rc2+ 24. Rd2 Rxd2+ 25. Nxd2 b6 26. Bxd5 exd5 27. Nf3 Be6 28. Ke3 Rd8 29. Nd4 Kf8 30. Kf4 Rd7 31. N4xf5 Rc7 32. Bg7+ Kg8 33. Kg5 Bxf5 34. Nxf5 f6+ 35. Kxf6 Rf7+ 36. Ke6 1-0

[Event "GER-ch Net blitz sf"]
[Site "Playchess.com INT"]
[Date "2021.06.05"]
[Round "10"]
[White "Foerster, Erik"]
[Black "Kolb, Tobias"]
[Result "0-1"]
[WhiteElo "2127"]
[BlackElo "2011"]
[PlyCount "188"]
[EventDate "2021.06.05"]
[EventType "swiss (blitz)"]
[EventRounds "13"]
[EventCountry "GER"]
[SourceTitle "EXT 2023"]
[Source "ChessBase"]
[SourceDate "2022.10.05"]
[SourceVersion "1"]
[SourceVersionDate "2022.10.05"]
[SourceQuality "1"]

1. Nf3 d5 2. g3 Nf6 3. Bg2 c6 4. 0-0 Bf5 5. d4 e6 6. c4 h6 7. b3 Nbd7 8. Bb2 Be7 9. Nbd2 0-0 10. h3 Bh7 11. Ne5 Nxe5 12. dxe5 Ne4 13. Nxe4 dxe4 14. e3 Qd3 15. Qc1 Rfd8 16. Rd1 Qe2 17. Rd4 Bc5 18. Bf1 Qh5 19. Qd1 Qg5 20. h4 Bxd4 21. hxg5 Bxb2 22. Qb1 Bxa1 23. Qxa1 hxg5 24. Qe1 a5 25. a3 f6 26. Qc3 Kf7 27. c5 Rd5 28. exf6 gxf6 29. Bc4 Rd1+ 30. Kg2 Bf5 31. Be2 Rd5 32. g4 Bg6 33. Bc4 Rdd8 34. b4 a4 35. b5 Ke7 36. bxc6 bxc6 37. Qb4 Rdb8 38. Qc3 Rd8 39. Qb4 Rdb8 40. Qd2 Rd8 41. Qc2 Rh8 42. Qa2 Bf7 43. Qb1 f5 44. Qb7+ Kf6 45. Qxc6 Rac8 46. Qxa4 Rxc5 47. Qb4 Rhc8 48. Bb3 Rc1 49. gxf5 Bh5 50. Qd4+ Kxf5 51. Bxe6+ Kxe6 52. Qxe4+ Kf6 53. Qd4+ Kg6 54. a4 R1c4 55. Qd6+ Kh7 56. a5 Rg4+ 57. Kh3 Rh4+ 58. Kg3 Rcc4 59. Qe7+ Kh6 60. Qf8+ Kg6 61. Qg8+ Kf6 62. Qh8+ Ke7 63. Qg7+ Kd6 64. Qf6+ Kc7 65. f4 Rg4+ 66. Kh3 Rh4+ 67. Kg3 Rg4+ 68. Kh3 gxf4 69. Qe7+ Kc6 70. Qe6+ Kb5 71. Qe5+ Rc5 72. Qb2+ Kxa5 73. exf4 Rb5 74. Qd2+ Ka6 75. Qd6+ Kb7 76. Qd7+ Kb6 77. Qe6+ Ka5 78. Qa2+ Kb4 79. Qd2+ Kc4 80. Qe2+ Kc5 81. Qe5+ Kc6 82. Qe6+ Kc7 83. Qe7+ Kb6 84. Qd6+ Ka5 85. Qa3+ Kb6 86. Qd6+ Ka5 87. Qd8+ Ka4 88. Qa8+ Kb4 89. Qe4+ Ka5 90. Qa8+ Kb4 91. Qe4+ Kb3 92. Qd3+ Ka4 93. Qd4+ Ka3 94. Qe3+ Rb3 0-1

[Event "GER-ch Net blitz sf"]
[Site "Playchess.com INT"]
[Date "2021.06.05"]
[Round "6"]
[White "Foerster, Erik"]
[Black "Reichmann, Hendrik"]
[Result "0-1"]
[WhiteElo "2127"]
[BlackElo "2365"]
[PlyCount "76"]
[EventDate "2021.06.05"]
[EventType "swiss (blitz)"]
[EventRounds "13"]
[EventCountry "GER"]
[SourceTitle "EXT 2023"]
[Source "ChessBase"]
[SourceDate "2022.10.05"]
[SourceVersion "1"]
[SourceVersionDate "2022.10.05"]
[SourceQuality "1"]

1. Nf3 g6 2. g3 Bg7 3. Bg2 Nf6 4. 0-0 0-0 5. d4 d6 6. b3 c5 7. Bb2 cxd4 8. Nxd4 d5 9. Nf3 Nc6 10. Nbd2 Re8 11. e3 e5 12. c4 d4 13. exd4 exd4 14. h3 a5 15. Re1 Rxe1+ 16. Qxe1 Bf5 17. Ne5 Nb4 18. g4 Bc8 19. Qd1 Ne8 20. Ndf3 f5 21. g5 a4 22. a3 Nc6 23. Nxc6 bxc6 24. b4 c5 25. Nxd4 Qxg5 26. Nf3 Qe7 27. Qd5+ Be6 28. Qxa8 Bxb2 29. Re1 Bxa3 30. bxc5 Bb4 31. Rb1 Bxc5 32. Qxa4 Nf6 33. Qa8+ Qf8 34. Qxf8+ Kxf8 35. Rc1 Ne4 36. Ne5 Bxf2+ 37. Kf1 Be3 38. Re1 Ng3# 0-1

[Event "GER-ch Net blitz sf"]
[Site "Playchess.com INT"]
[Date "2021.06.05"]
[Round "12"]
[White "Kopylov, Daniel"]
[Black "Foerster, Erik"]
[Result "1-0"]
[WhiteElo "2229"]
[BlackElo "2127"]
[PlyCount "67"]
[EventDate "2021.06.05"]
[EventType "swiss (blitz)"]
[EventRounds "13"]
[EventCountry "GER"]
[SourceTitle "EXT 2023"]
[Source "ChessBase"]
[SourceDate "2022.10.05"]
[SourceVersion "1"]
[SourceVersionDate "2022.10.05"]
[SourceQuality "1"]

1. e4 d5 2. exd5 Qxd5 3. Nc3 Qd8 4. Bc4 Nf6 5. Nf3 Bf5 6. d3 e6 7. Bg5 Be7 8. Qe2 Nbd7 9. h3 h6 10. Bd2 c6 11. g4 Bh7 12. 0-0-0 b5 13. Bb3 Nc5 14. Ne5 Nxb3+ 15. axb3 Qc8 16. f4 Nd7 17. Rde1 Nxe5 18. Qxe5 Bf6 19. Qc5 Be7 20. Qf2 Qd8 21. f5 Bh4 22. Qc5 Bxe1 23. Qxc6+ Kf8 24. Rxe1 exf5 25. Nd5 Bg6 26. Bb4+ Kg8 27. gxf5 Bh5 28. f6 Bf3 29. fxg7 Bxd5 30. gxh8Q+ Kxh8 31. Qxh6+ Kg8 32. Rg1+ Bg2 33. Rxg2+ Qg5+ 34. Rxg5# 1-0

[Event "GER-ch Net blitz sf"]
[Site "Playchess.com INT"]
[Date "2021.06.05"]
[Round "1"]
[White "Vogel, Roven"]
[Black "Foerster, Erik"]
[Result "1-0"]
[WhiteElo "2518"]
[BlackElo "2127"]
[PlyCount "91"]
[EventDate "2021.06.05"]
[EventType "swiss (blitz)"]
[EventRounds "13"]
[EventCountry "GER"]
[SourceTitle "EXT 2023"]
[Source "ChessBase"]
[SourceDate "2022.10.05"]
[SourceVersion "1"]
[SourceVersionDate "2022.10.05"]
[SourceQuality "1"]

1. d4 d5 2. c4 e5 3. dxe5 d4 4. Nf3 Nc6 5. a3 Be6 6. e3 dxe3 7. Qxd8+ Rxd8 8. Bxe3 Nge7 9. Ng5 Nf5 10. Nxe6 fxe6 11. Bg5 Be7 12. Bxe7 Kxe7 13. Nc3 Nfd4 14. 0-0-0 Nxe5 15. f3 c5 16. Re1 Nec6 17. Ne4 b6 18. Nc3 Rd7 19. Re3 Rhd8 20. Be2 Nb3+ 21. Kc2 Nbd4+ 22. Kc1 Nb3+ 23. Kb1 Nca5 24. Re1 Rd6 25. Ka2 Nd4 26. Bd3 g6 27. Ne4 Rc6 28. Nc3 Kf6 29. h4 Nb7 30. Ne4+ Kg7 31. Ng5 h6 32. Nxe6+ Nxe6 33. Rxe6 Rxe6 34. Rxe6 Rxd3 35. Re7+ Kf6 36. Rxb7 Rd2 37. g4 Rd3 38. Rxa7 Rxf3 39. Ra6 Rf4 40. Rxb6+ Kf7 41. g5 hxg5 42. hxg5 Rxc4 43. Rf6+ Kg7 44. Rc6 Rc2 45. Kb1 Rc4 46. b3 1-0

[Event "GER-ch Net blitz qual4"]
[Site "Playchess.com INT"]
[Date "2021.05.10"]
[Round "7"]
[White "Frohnhaeuser, Simon"]
[Black "Foerster, Erik"]
[Result "0-1"]
[WhiteElo "1975"]
[BlackElo "2163"]
[PlyCount "50"]
[EventDate "2021.05.10"]
[EventType "swiss (blitz)"]
[EventRounds "11"]
[EventCountry "GER"]
[SourceTitle "CBM 202 Extra"]
[Source "ChessBase"]
[SourceDate "2021.07.31"]
[SourceVersion "1"]
[SourceVersionDate "2021.07.31"]
[SourceQuality "1"]

1. Nf3 d5 2. c4 c6 3. d4 Nf6 4. Nc3 dxc4 5. a4 Bf5 6. e3 e6 7. Bxc4 Nbd7 8. 0-0 Bb4 9. Ne2 0-0 10. Bd2 Bd6 11. Ng3 Bg6 12. Bc3 a5 13. Rc1 Nd5 14. e4 Nxc3 15. bxc3 Bxg3 16. fxg3 Bxe4 17. Qe2 Bg6 18. Ne5 Nxe5 19. Qxe5 Qe7 20. Rf2 Qa3 21. Rcf1 Rae8 22. Bxe6 Rxe6 23. Qxe6 fxe6 24. Rxf8+ Qxf8 25. Rxf8+ Kxf8 0-1

[Event "GER-ch Net blitz qual3"]
[Site "Playchess.com INT"]
[Date "2021.05.07"]
[Round "3"]
[White "Foerster, Erik"]
[Black "Friemel, Reinhard"]
[Result "1-0"]
[WhiteElo "2248"]
[BlackElo "1695"]
[PlyCount "101"]
[EventDate "2021.05.07"]
[EventType "swiss (blitz)"]
[EventRounds "11"]
[EventCountry "GER"]
[SourceTitle "CBM 202 Extra"]
[Source "ChessBase"]
[SourceDate "2021.07.31"]
[SourceVersion "1"]
[SourceVersionDate "2021.07.31"]
[SourceQuality "1"]

1. Nf3 e6 2. g3 d5 3. Bg2 c6 4. 0-0 g6 5. d4 Bg7 6. c4 Ne7 7. b3 Nd7 8. Bb2 0-0 9. Nbd2 Nf5 10. e4 dxe4 11. Nxe4 Ne7 12. h4 Nf6 13. Nc5 b6 14. Nd3 h6 15. Nfe5 Bb7 16. Qd2 Rb8 17. c5 Nd7 18. Nxd7 Qxd7 19. b4 Rbd8 20. Rfd1 Nf5 21. cxb6 axb6 22. a4 Bxd4 23. Ne5 Qd6 24. Bxd4 Qxd4 25. Qxd4 Rxd4 26. Bxc6 Bxc6 27. Nxc6 Rc4 28. b5 Ra8 29. Rd8+ Rxd8 30. Nxd8 Nd4 31. Nb7 Ne2+ 32. Kg2 Nd4 33. Nd6 Rb4 34. Nc8 Nc2 35. Ra2 Ne1+ 36. Kh1 Nf3 37. Kg2 Ne1+ 38. Kh3 Nf3 39. Nxb6 g5 40. hxg5 hxg5 41. Nd7 g4+ 42. Kg2 Rb1 43. Nf6+ Kg7 44. Nxg4 Ne1+ 45. Kh2 Nf3+ 46. Kh3 Ng5+ 47. Kg2 f5 48. Nh2 e5 49. a5 e4 50. a6 Rxb5 51. a7 1-0

[Event "GER-ch Net blitz qual3"]
[Site "Playchess.com INT"]
[Date "2021.05.07"]
[Round "6"]
[White "Foerster, Erik"]
[Black "Schneider, Jens Erik"]
[Result "1-0"]
[WhiteElo "2248"]
[BlackElo "1620"]
[PlyCount "39"]
[EventDate "2021.05.07"]
[EventType "swiss (blitz)"]
[EventRounds "11"]
[EventCountry "GER"]
[SourceTitle "CBM 202 Extra"]
[Source "ChessBase"]
[SourceDate "2021.07.31"]
[SourceVersion "1"]
[SourceVersionDate "2021.07.31"]
[SourceQuality "1"]

1. Nf3 d5 2. g3 c5 3. Bg2 Nc6 4. d4 e6 5. 0-0 Nf6 6. c4 cxd4 7. Nxd4 Nxd4 8. Qxd4 Be7 9. Nc3 dxc4 10. Qxc4 0-0 11. Rd1 Qb6 12. Rb1 Rd8 13. Rxd8+ Qxd8 14. Bf4 a6 15. Rd1 Qe8 16. a4 Nh5 17. Bc7 Bf6 18. g4 Bxc3 19. Qxc3 Nf6 20. Rd8 1-0

[Event "GER-ch Net blitz qual3"]
[Site "Playchess.com INT"]
[Date "2021.05.07"]
[Round "11"]
[White "Horn, Sven"]
[Black "Foerster, Erik"]
[Result "0-1"]
[WhiteElo "1936"]
[BlackElo "2248"]
[PlyCount "140"]
[EventDate "2021.05.07"]
[EventType "swiss (blitz)"]
[EventRounds "11"]
[EventCountry "GER"]
[SourceTitle "CBM 202 Extra"]
[Source "ChessBase"]
[SourceDate "2021.07.31"]
[SourceVersion "1"]
[SourceVersionDate "2021.07.31"]
[SourceQuality "1"]

1. e4 d5 2. exd5 Qxd5 3. d4 Nf6 4. Nc3 Qd8 5. Nf3 Bd7 6. Bc4 e6 7. 0-0 Bc6 8. Re1 Be7 9. Ne5 0-0 10. a3 Bd5 11. Nxd5 exd5 12. Bd3 c6 13. c3 Nbd7 14. Bc2 Re8 15. Qd3 Nf8 16. Bf4 N6d7 17. Qh3 Nxe5 18. dxe5 Bg5 19. Bg3 Qb6 20. Rab1 a5 21. Kh1 Bd2 22. Re2 Bg5 23. f4 Be7 24. f5 d4 25. Rf1 dxc3 26. bxc3 Bxa3 27. f6 Ng6 28. Bxg6 hxg6 29. fxg7 Kxg7 30. Bh4 Rg8 31. Bf6+ Kf8 32. Qh6+ Ke8 33. e6 Qb5 34. exf7+ Kd7 35. Qd2+ Kc7 36. Be5+ Kb6 37. fxg8Q Rxg8 38. Rd1 Bc5 39. Bd4 Rf8 40. Bxc5+ Qxc5 41. Qd4 Qxd4 42. cxd4 a4 43. g3 Ka6 44. Rc2 Rc8 45. Ra1 b5 46. d5 c5 47. d6 Kb6 48. d7 Rd8 49. Rd1 b4 50. Re2 a3 51. Re8 Kc7 52. Re5 Kb6 53. Rd6+ Kc7 54. Ra6 Kb7 55. Rxg6 Rxd7 56. Rxc5 a2 57. Rb5+ Kc7 58. Ra5 Rd1+ 59. Kg2 b3 60. Ra7+ Kb8 61. Re7 Kc8 62. Rg8+ Rd8 63. Rgg7 a1Q 64. Rc7+ Kb8 65. Rb7+ Ka8 66. Rbe7 Qd4 67. Rb7 b2 68. Rge7 Qd5+ 69. Kf2 Qxb7 70. Rxb7 Kxb7 0-1

[Event "GER-ch Net blitz qual2"]
[Site "Playchess.com INT"]
[Date "2021.05.04"]
[Round "2"]
[White "Blum, Frederik"]
[Black "Foerster, Erik"]
[Result "0-1"]
[WhiteElo "1903"]
[BlackElo "2316"]
[PlyCount "59"]
[EventDate "2021.05.04"]
[EventType "swiss (blitz)"]
[EventRounds "11"]
[EventCountry "GER"]
[SourceTitle "CBM 202 Extra"]
[Source "ChessBase"]
[SourceDate "2021.07.31"]
[SourceVersion "1"]
[SourceVersionDate "2021.07.31"]
[SourceQuality "1"]

1. e4 d5 2. exd5 Qxd5 3. Nc3 Qa5 4. Bc4 Nf6 5. d3 Bf5 6. Bd2 Qb6 7. Nf3 e6 8. Qe2 Be7 9. Nh4 Bg4 10. f3 Bh5 11. g4 Bg6 12. Nxg6 hxg6 13. 0-0-0 a5 14. h4 a4 15. h5 gxh5 16. g5 Nfd7 17. g6 a3 18. b3 fxg6 19. Bxe6 Nc6 20. Bxd7+ Kxd7 21. Rde1 Rae8 22. Qe6+ Kd8 23. Nd5 Qc5 24. Nc3 Bf6 25. Qc4 Rxe1+ 26. Rxe1 Qxc4 27. dxc4 h4 28. Bf4 Bxc3 29. Re6 h3 30. Rxg6 0-1